El museo arqueológico de Tilcara : (Record no. 28118)

MARC details
000 -LEADER
campo de control de longitud fija 00614nam a22002057a 4500
001 - NÚMERO DE CONTROL
campo de control 00028104
005 - FECHA Y HORA DE LA ÚLTIMA TRANSACCIÓN
campo de control 20260209102632.0
008 - DATOS DE LONGITUD FIJA--INFORMACIÓN GENERAL
campo de control de longitud fija 260209b ag ||||| |||| 00| 0 spa d
040 ## - FUENTE DE CATALOGACIÓN
Centro catalogador/agencia de origen AR-CcCEOS
Lengua de catalogación Español; Castellano
Centro/agencia transcriptor AR-CcCEOS
041 ## - CÓDIGO DE IDIOMA
Código de lengua del texto/banda sonora o título independiente Español; Castellano
080 ## - NÚMERO DE LA CLASIFICACIÓN DECIMAL UNIVERSAL
Número de la Clasificación Decimal Universal 069:902(821.4)
090 ## - LOCALMENTE ASIGNADO TIPO-LC NÚMERO DE CLASIFICACIÓN (OCLC); NÚMERO DE CLASIFICACIÓN LOCAL (RLIN)
Número cutter local (OCLC) ; Número de libro/Signatura topográfica íntegra, CALL (RLIN) CAS
100 1# - ENTRADA PRINCIPAL--NOMBRE DE PERSONA
Nombre de persona Casanova, Eduardo
9 (RLIN) 389
245 ## - MENCIÓN DEL TÍTULO
Título El museo arqueológico de Tilcara :
Resto del título antecedentes, funciones y guías /
Mención de responsabilidad, etc. Eduardo Casanova
250 ## - MENCION DE EDICION
Mención de edición 2ª ed.
260 ## - PUBLICACIÓN, DISTRIBUCIÓN, ETC.
Lugar de publicación, distribución, etc. Buenos Aires :
Nombre del editor, distribuidor, etc. Universidad de Buenos Aires,
Fecha de publicación, distribución, etc. 1974.
300 ## - DESCRIPCIÓN FÍSICA
Extensión 110 p. ;
Dimensiones 21x14 cm.
655 #0 - TERMINO DE INDIZACIÓN--GENERO/FORMA
Datos o término principal de género/forma museo
9 (RLIN) 390
Subdivisión de forma arqueología
942 ## - ELEMENTOS DE ENTRADA SECUNDARIOS (KOHA)
Fuente de la clasificación o esquema de estantería Clasificación decimal universal
Tipo de ítem Koha Libros
Suprimir en OPAC No
Holdings
Estatus retirado Estado de pérdida Fuente de la clasificación o esquema de estantería Estado de daño No para préstamo Biblioteca de origen Biblioteca actual Fecha de adquisición Número de inventario Total de préstamos Signatura topográfica completa Información codificada de la localización en otra ubicación Colección Código de barras Visto por última vez Precio de reemplazo Tipo de ítem Koha
    Clasificación decimal universal     Biblioteca Julio Serebrinsky Biblioteca Julio Serebrinsky 09/02/2026 44282   069:902(821.4) CAS SER 44282 09/02/2026 09/02/2026 Libros